Estatísticas para Níger

Clique aqui para jogar o quiz

Estatísticas Gerais

  • Esse quiz foi jogado 7 vezes
  • A pontuação média é 6 de 12

Estatísticas das Respostas

HintResposta% Correto
Onde fica?África
100%
De que país é independente?França
100%
Qual é o seu idioma?Francês
100%
Que deserto cobre o país?Saara
100%
Qual é a sua principal atividade económica?Agricultura
50%
Com que país faz fronteira a Leste?Chade
50%
Qual é a sua moeda?Franco CFA
33%
Qual é a sua religião?Islamismo
33%
Qual é o festival que celebra o fim da estação da chuva?Festival da Cura do Sal
0%
Qual é o seu ponto mais alto?Idoukal-n-Taghès
0%
Qual é a sua capital?Niamei
0%
Qual é o seu prato típico?Tattabara
0%

Distribuição das Pontuações

Percentil de Números Respondidos

Porcentagem de Pessoas com Cada Pontuação

Sua Pontuação Histórica

Você não jogou esse quiz